| 000 | 00593nam a2200193 a 4500 | ||
|---|---|---|---|
| 005 | 20210223122510.0 | ||
| 008 | 991125s1953 par 000 0 fre u | ||
| 035 | _aUPN01000036634 | ||
| 049 | _aCG | ||
| 050 | 4 |
_aNX420 _aO8.5 |
|
| 100 | 1 | _aOsborn, Elodie Courter | |
| 245 | 1 | 0 |
_aManual of travelling exhibitions / _cby Elodie Courter Osborn. |
| 260 |
_aParís : _bUNESCO, _c1953. |
||
| 300 | _a111 p., [38] p. de láms. | ||
| 440 | 0 |
_aMuseums and monuments ; _v5 |
|
| 650 | 4 |
_aARTE - _vEXPOSICIONES _92480 |
|
| 650 | 4 |
_aARTE, OBJETOS DE - _xCONSERVACION Y RESTAURACION _92598 |
|
| 905 | _aLibro | ||
| 999 |
_c36634 _d36634 |
||